Normal view
MARC view
- Rana, Roop Z
Entry Personal Name
001 - CONTROL NUMBER
- control field: 126232
003 - CONTROL NUMBER IDENTIFIER
- control field: NUST
005 - DATE AND TIME OF LATEST TRANSACTION
- control field: 20241003111552.0
008 - FIXED-LENGTH DATA ELEMENTS
- fixed length control field: 241003|| aca||aabn | a|a d
040 ## - CATALOGING SOURCE
- Original cataloging agency: NUST
- Transcribing agency: NUST
100 ## - HEADING--PERSONAL NAME
- Personal name: Rana, Roop Z
670 ## - SOURCE DATA FOUND
- Source citation: Work cat.: (NUST)595132: Rana, Mowadat H 113412, Handbook of behavioural sciences for medical & dental students and health professionals /, 2016.
